The proposed fiscal year 1983 budget : what it means for older Americans : an information paper /

Bibliographic Details
Corporate Authors: ProQuest (Firm), United States. Congress. Senate. Special Committee on Aging
Format: Government Document eBook
Language:English
Published: Washington : U.S. G.P.O., 1982.
Series:U.S. Congressional Research.
Subjects:
Online Access:Connect to the full text of this electronic book

MARC

Tag First Indicator Second Indicator Subfields
LEADER 00000cam a22000001a 4500
001 in00003273821
006 m d f
007 cr bn mmmapmmp
008 101011s1982 dcu o f000 0 eng d
005 20260430152009.6
035 |a cis2007813359 
040 |a LexisNexis  |c LexisNexis  |d UtOrBLW 
043 |a n-us--- 
074 |a 1009-B, 1009-C (microfiche) 
086 0 |a Y 4.Ag 4:B 85/983 
099 |a CMP-1982-AGS-0003 
245 0 4 |a The proposed fiscal year 1983 budget :  |b what it means for older Americans : an information paper /  |c prepared by the staff of the Special Committee on Aging, United States Senate. 
264 1 |a Washington :  |b U.S. G.P.O.,  |c 1982. 
300 |a 1 online resource. 
336 |a text  |b txt  |2 rdacontent 
337 |a computer  |b c  |2 rdamedia 
338 |a online resource  |b cr  |2 rdacarrier 
500 |a Record is based on bibliographic data in LexisNexis U.S. Congressional Research Digital Collection. Reuse except for individual research requires license from LexisNexis. 
500 |a Electronic resource. 
650 0 |a Budget  |z United States. 
650 0 |a Older people  |x Government policy  |z United States. 
650 0 |a Old age assistance  |z United States. 
655 7 |a Electronic books.  |2 local 
710 2 |a ProQuest (Firm) 
710 1 |a United States.  |b Congress.  |b Senate.  |b Special Committee on Aging. 
776 0 8 |i Print version:   |t Proposed fiscal year 1983 budget  |w gp 82015002  |w (OCoLC)08349168  |z 82601768 
776 0 8 |i Microfiche version:   |t Proposed fiscal year 1983 budget   |d [Bethesda, Md.] : LexisNexis Academic & Library Solutions,1982.   |o CIS 82 S142-2  |w (LexisNexis)cis08201727 
830 0 |a U.S. Congressional Research. 
856 4 0 |u http://proxy.library.tamu.edu/login?url=https://congressional.proquest.com/congcomp/getdoc?CRDC-ID=CMP-1982-AGS-0003  |z Connect to the full text of this electronic book  |t 0 
998 |a cis08201727 
999 |a MARS 
999 f f |s 4868e48e-5579-3a46-9be5-dd3334de2245  |i 50d9bc86-0a6b-3e77-b6eb-58cef55dfdb3  |t 0 
952 f f |a Texas A&M University  |b College Station  |c Electronic Resources  |s www_evans  |d Available Online  |t 0  |e CMP-1982-AGS-0003  |h Other scheme 
998 f f |a CMP-1982-AGS-0003  |t 0  |l Available Online